Statistics for Dexter Trivia

Click here to take the quiz!

General Stats

  • This quiz has been taken 13,069 times
    (11,296 since last reset)
  • The average score is 13 of 21

Answer Stats

QuestionAnswer% Correct
What is Dexter's last name?Morgan
94%
In what city does the show take place?Miami
92%
What is the name of Dexter's sister?Debra
87%
What is Dexter's serial killer nickname?Bay Harbor {Butcher}
83%
Who did Dexter battle in season one?{Ice} {Truck} Killer
83%
What does Dexter call his urge to kill?Dark {Passenger}
71%
What is the name of Dexter's boat?{Slice} of Life
70%
What is Dexter's job?Blood {Spatter} Analyst
69%
Where does Dexter store his blood slides?Air Conditioner
67%
Who did Dexter battle in season four?{Trinity} Killer
66%
What TV channel did the show originally appear on?Showtime
65%
What was the name of his adoptive father?Harry
64%
What actor starred as Dexter?Michael C. Hall
62%
What was the name of Dexter's wife?Rita
61%
What is the name of his son?Harrison
58%
To which country do Dexter and Hannah plan to escape?Argentina
52%
What police detective catches Dexter in season two?James Doakes
50%
What famous actor played the above villain?John Lithgow
37%
What was the name of the first Dexter novel?Darkly {Dreaming} Dexter
34%
In season 5, what actress stars as Lumen, Dexter's "apprentice"?Julia Stiles
34%
Who did Dexter battle in season six?{Doomsday} Killer
28%

Score Distribution

Percentile by Number Answered

Percent of People with Each Score

Your Score History

You have not taken this quiz since the last reset